Populismo, caudillaje y discurso demagógico / (Record no. 121374)

MARC details
000 -LEADER
campo de control de longitud fija 00782nam a2200229 4500
001 - NÚMERO DE CONTROL
campo de control 121374
003 - IDENTIFICADOR DE NÚMERO DE CONTROL
campo de control ES-MaACL
005 - FECHA Y HORA DE LA ÚLTIMA TRANSACCIÓN
campo de control 20250827062547.0
007 - CAMPO FIJO DE DESCRIPCIÓN FÍSICA--INFORMACIÓN GENERAL
campo de control de longitud fija t|
008 - DATOS DE LONGITUD FIJA--INFORMACIÓN GENERAL
campo de control de longitud fija 070214s1987 sp r ||||1| spa d
020 ## - NÚMERO INTERNACIONAL ESTÁNDAR DEL LIBRO
Número Internacional Estándar del Libro 84-7476-107-7
245 00 - MENCIÓN DEL TÍTULO
Título Populismo, caudillaje y discurso demagógico /
Mención de responsabilidad, etc. por J. Alvarez Junco [et. al.].
250 ## - MENCION DE EDICION
Mención de edición 1ª. ed.
260 ## - PUBLICACIÓN, DISTRIBUCIÓN, ETC.
Lugar de publicación, distribución, etc. Madrid :
Nombre del editor, distribuidor, etc. Centro de Investigaciones Sociológicas,
Fecha de publicación, distribución, etc. 1987.
300 ## - DESCRIPCIÓN FÍSICA
Extensión 326 p. ;
Dimensiones 21 cm.
490 1# - MENCIÓN DE SERIE
Mención de serie Monografías ;
Designación de volumen o secuencia 93
700 ## - ENTRADA AGREGADA--NOMBRE PERSONAL
Nombre de persona Álvarez Junco, José,
Fechas asociadas al nombre 1942-
9 (RLIN) 237536
710 2# - ENTRADA AGREGADA--NOMBRE DE ENTIDAD CORPORATIVA
Nombre de entidad corporativa o nombre de jurisdicción como elemento de entrada Centro de Investigaciones Sociológicas (España)
9 (RLIN) 2708
830 00 - PUNTO DE ACCESO ADICIONAL DE SERIE-TÍTULO UNIFORME
Título uniforme Monografías (Centro de Estudios Benaventanos "Ledo del Pozo")
Designación de volumen o secuencia 93
9 (RLIN) 177262
852 ## - LOCALIZACIÓN
Ubicación ES-MaACL
Número de control de estantería G-13162
Sublocalización o colección R.113398
Holdings
Estatus retirado Estado de pérdida Estado de daño No para préstamo Biblioteca de origen Biblioteca actual Ubicación en estantería Fecha de adquisición Fuente de adquisición Total de préstamos Signatura topográfica completa Código de barras Visto por última vez Precio de reemplazo Tipo de ítem Koha
        Biblioteca del Ateneo de Madrid Biblioteca del Ateneo de Madrid Sala Pecera Planta 3 17/01/2008     G-13162 1126493 23/02/2023 23/02/2023 Libro impreso